000
00306 a2200145 4500
001
63963
040
_c
Anchieta - Pituba
100
_a
Esteves, O. P
240
1
0
_a
Objetivos educacionais
_l
por
245
1
0
_a
Objetivos educacionais
300
_a
68
362
0
_a
1971
650
4
_a
Educação
942
_c
BK
999
_c
63963
_d
63963